Places To Study

There are group study rooms, individual study carrels, computer labs, and other spaces to study in the Libraries.

Reserve A Group Room

Online Resources

Access thousands of eBooks, audiobooks, and online journals from the comfort of your home.

Explore Resources

Events and Workshops

Join our upcoming events and workshops to enhance your skills and knowledge.

View Events

သံယုတ္တ အဋ္ဌကထာနိဿယ၊ (Record no. 2542)

MARC details
000 -LEADER
fixed length control field 01147nam a22001937a 4500
003 - CONTROL NUMBER IDENTIFIER
control field OSt
005 - DATE AND TIME OF LATEST TRANSACTION
control field 20251120132741.0
008 - FIXED-LENGTH DATA ELEMENTS--GENERAL INFORMATION
fixed length control field 251120b |||||||| |||| 00| 0 eng d
040 ## - CATALOGING SOURCE
Transcribing agency DCL
082 ## - DEWEY DECIMAL CLASSIFICATION NUMBER
Classification number ၂၉၄.၃၈၂၃၃၁၁
130 ## - MAIN ENTRY--UNIFORM TITLE
Uniform title တိပိဋက။
Name of part/section of a work သုတ္တန္တပိဋက။
-- သံယုတ္တနိကာယ။
Title of a work နိဒါနဝဂ္ဂသံယုတ္တ၊
Language of a work အဋ္ဌကထာ၊
Version နိဿယ။
245 ## - TITLE STATEMENT
Title သံယုတ္တ အဋ္ဌကထာနိဿယ၊
Number of part/section of a work တတိယတွဲ ၊
Remainder of title နိဒါနဝဂ္ဂသံယုတ်အဋ္ဌကထာနိဿယ /
Statement of responsibility, etc. ဘဒ္ဒန္တဇာဂရမထေရ်။
250 ## - EDITION STATEMENT
Edition statement ဒုတိယအကြိမ်။
264 ## - PRODUCTION, PUBLICATION, DISTRIBUTION, MANUFACTURE, AND COPYRIGHT NOTICE
Place of production, publication, distribution, manufacture ရန်ကုန် ၊
Name of producer, publisher, distributor, manufacturer သာသနာရေးဦးစီး၊
Date of production, publication, distribution, manufacture, or copyright notice ၂၀၁၀။
300 ## - PHYSICAL DESCRIPTION
Extent ၄၀၂ စာမျက်နှာ ၊
Dimensions ၂၆ စင်တီ။
650 ## - SUBJECT ADDED ENTRY--TOPICAL TERM
Topical term or geographic name entry element နိဒါနဝဂ္ဂသံယုတ္တ
Form subdivision အဋ္ဌကထာ နိဿယ။
700 ## - ADDED ENTRY--PERSONAL NAME
Personal name ဇာဂရမထေရ်၊ ဘဒ္ဒန္တ
942 ## - ADDED ENTRY ELEMENTS (KOHA)
Source of classification or shelving scheme Dewey Decimal Classification
Koha item type Short Term
Suppress in OPAC No
Holdings
Withdrawn status Lost status Source of classification or shelving scheme Damaged status Not for loan Collection Accession No. Home library Current library Shelving location Date acquired Total checkouts Full call number Barcode Date last seen Price effective from Koha item type
    Dewey Decimal Classification     Myanmar Pitaka Collection ၁၃၄၈ Dhammadhara Dhammadhara Myanmar Pitaka Shelves 20/11/2025   ၂၉၄.၃၈၂၃၃၁၁ သံ ၁၃၄၈ MB00001348 20/11/2025 20/11/2025 Short Term